Lịch sử thế giới hiện đại : từ 1945 đến 1995. t.II /

Sparad:
Bibliografiska uppgifter
Övriga upphovsmän: Đỗ Thanh Bình, Nguyễn Anh Thái (chủ biên), Trần Thị Vinh, Vũ Ngọc Oanh
Materialtyp: Sách giấy
Språk:Vietnamese
Publicerad: .H. : Đại học Quốc gia, 1999
Ämnen:
Taggar: Lägg till en tagg
Inga taggar, Lägg till första taggen!
Thư viện lưu trữ: Thư viện Trường Đại học Đà Lạt
LEADER 01065nam a2200397 4500
001 DLU030021071
003 ##DLU
005 ##20021230
008 ##021230t vn z000 vie d
040 # # |a DLU  |b vie 
041 # # |a vie 
044 # # |a vn 
082 # # |a 909.82  |b Lic 
245 # # |a Lịch sử thế giới hiện đại :  |b từ 1945 đến 1995.  |n t.II /  |c Nguyễn Anh Thái, ...[và những người khác] 
260 # # |a .H. :  |b Đại học Quốc gia,  |c 1999 
300 # # |a 299 tr. ;  |c 21 cm 
653 # # |a Lịch sử hiện đại 
653 # # |a Lịch sử thế giới 
653 # # |a Phong trào cộng sản 
653 # # |a Thời kỳ 1945-1995 
700 # # |a Đỗ Thanh Bình 
700 # # |a Nguyễn Anh Thái  |e chủ biên 
700 # # |a Trần Thị Vinh 
700 # # |a Vũ Ngọc Oanh 
990 # # |a t.II 
992 # # |a 23000 
994 # # |a DLU 
900 # # |a True 
911 # # |a Thái Thị Thanh Thủy 
925 # # |a G 
926 # # |a A 
927 # # |a SH 
980 # # |a Thư viện Trường Đại học Đà Lạt